[Event "Junior Online 4NCL Division 4"]
[Site "online"]
[Date "2020.10.15"]
[Round "5.123"]
[White "Warren, Orla"]
[Black "Durling, Charlie"]
[Result "1-0"]
[WhiteElo "1247"]
[BlackElo "1127"]
[PlyCount "167"]
[EventDate "2020.10.15"]
[WhiteTeam "Farnham Fantasticos"]
[BlackTeam "May The Fork Be With You 5"]

1. d4 e6 2. Bf4 d5 3. e3 Nf6 4. Bd3 Nc6 5. Nf3 Bd6 6. Bg3 Bxg3 7. hxg3 Nb4 8.
c3 Nxd3+ 9. Qxd3 Ne4 10. Nbd2 Nxd2 11. Kxd2 h6 12. Ne5 Qd6 13. g4 Bd7 14. g5 h5
15. g4 h4 16. g6 f6 17. Nf7 Qf8 18. Nxh8 Qxh8 19. Rh3 O-O-O 20. Rah1 Qh6 21.
Rxh4 Qg5 22. Rh8 Qxg4 23. Rxd8+ Kxd8 24. Rh8+ Be8 25. Qb5 Qxg6 26. Qxb7 Kd7 27.
Qb5+ c6 28. Qb7+ Kd6 29. Qb4+ Kc7 30. Qe7+ Kb6 31. Qxe8 Qf5 32. Qb8+ Ka6 33.
Qd6 Qxf2+ 34. Kd3 Qf5+ 35. Kd2 Qf2+ 36. Kd3 Qf5+ 37. Ke2 Qg4+ 38. Kf2 Qf5+ 39.
Kg3 Qg5+ 40. Kf2 Qf5+ 41. Ke2 Qc2+ 42. Kf3 Qd1+ 43. Kf4 g5+ 44. Kg3 Qg1+ 45.
Kf3 g4+ 46. Kf4 Qf2+ 47. Kxg4 Qf5+ 48. Kg3 Qg5+ 49. Kf3 Qf5+ 50. Kg3 Qg5+ 51.
Kf2 Qf5+ 52. Ke2 Qc2+ 53. Kf1 Qd3+ 54. Ke1 Qxe3+ 55. Kd1 Qd3+ 56. Ke1 Qe3+ 57.
Kd1 Qd3+ 58. Kc1 Qf1+ 59. Kc2 Qe2+ 60. Kb3 Qc4+ 61. Ka3 Qb5 62. Qb4 Qa5+ 63.
Qxa5+ Kxa5 64. Ra8 Kb6 65. Re8 f5 66. Rxe6 f4 67. Rf6 a5 68. Rxf4 Kb5 69. b4
axb4+ 70. cxb4 Kc4 71. Ka4 Kd3 72. Rf6 Kxd4 73. Rxc6 Ke3 74. b5 d4 75. b6 d3
76. b7 d2 77. Rd6 Ke2 78. b8=Q d1=Q+ 79. Rxd1 Kxd1 80. Qb2 Ke1 81. Kb4 Kf1 82.
Kc4 Ke1 83. Kd3 Kd1 84. Qd2# 1-0

[Event "Junior Online 4NCL Division 4"]
[Site "online"]
[Date "2020.10.15"]
[Round "5.124"]
[White "Tager, Maya"]
[Black "Cwajna, Harrison"]
[Result "1-0"]
[WhiteElo "1075"]
[BlackElo "977"]
[PlyCount "145"]
[EventDate "2020.10.15"]
[WhiteTeam "May The Fork Be With You 5"]
[BlackTeam "Farnham Fantasticos"]

1. e4 c5 2. d3 Nc6 3. Nd2 Nf6 4. Be2 g6 5. Ngf3 Bg7 6. O-O O-O 7. Rb1 d6 8. b3
b6 9. Bb2 Ba6 10. c4 Qd7 11. a3 Na5 12. b4 cxb4 13. axb4 Nc6 14. b5 Bb7 15.
bxc6 Qxc6 16. d4 Qd7 17. d5 Nh5 18. Bxg7 Kxg7 19. e5 f6 20. e6 Qe8 21. Nd4 a6
22. Bxh5 gxh5 23. Rxb6 Ra7 24. Nf5+ Kg6 25. Nh4+ Kg7 26. Qf3 Kh8 27. Ne4 Qa4
28. Qg3 Qxc4 29. Nd2 Qxd5 30. Ndf3 Qxe6 31. Nd4 Qg8 32. Qxg8+ Rxg8 33. Nhf5
Rxg2+ 34. Kh1 Rg8+ 35. Nc6 Bxc6+ 36. Rxc6 e6 37. Nh6 Rg6 38. Rc8+ Kg7 39. Rc6
Kxh6 40. Rxd6 a5 41. Rxe6 a4 42. Ra1 f5 43. Re3 f4 44. Rea3 Rga6 45. Kg2 Kg5
46. Kf3 h4 47. h3 h5 48. Rg1+ Kf5 49. Rc1 Rb7 50. Rc5+ Ke6 51. Rxh5 Rg7 52.
Rh6+ Kf5 53. Rxa6 Rg5 54. R3xa4 Rg6 55. Rxg6 Kxg6 56. Rxf4 Kg5 57. Ke3 Kh5 58.
Rb4 Kg5 59. f4+ Kf5 60. Rb5+ Kg6 61. f5+ Kg5 62. Ke4 Kf6 63. Kf4 Kg7 64. Rb6
Kf7 65. f6 Kg6 66. Ke5 Kf7 67. Rb7+ Kg6 68. f7 Kg7 69. Ke6 Kf8 70. Rb8+ Kg7 71.
f8=Q+ Kg6 72. Qf6+ Kh7 73. Rh8# 1-0

[Event "Junior Online 4NCL Division 4"]
[Site "online"]
[Date "2020.10.15"]
[Round "5.125"]
[White "Jowell, Leo"]
[Black "Kammin, Samuel"]
[Result "1-0"]
[WhiteElo "1172"]
[BlackElo "1697"]
[PlyCount "149"]
[EventDate "2020.10.15"]
[WhiteTeam "May The Fork Be With You 5"]
[BlackTeam "Farnham Fantasticos"]

1. d4 e6 2. c4 f5 3. e3 Nf6 4. Nc3 b6 5. Nf3 Bb7 6. Bd3 Be7 7. O-O O-O 8. b3
Ne4 9. Qc2 Nxc3 10. Qxc3 Qe8 11. Bb2 Qg6 12. Be2 d6 13. d5 Bf6 14. Qc2 Bxb2 15.
Qxb2 e5 16. Kh1 Nd7 17. Nh4 Qh6 18. g3 g5 19. Nf3 Rf6 20. h4 g4 21. Ng5 Nf8 22.
e4 Ng6 23. exf5 Rxf5 24. Bxg4 Rxg5 25. f3 Ne7 26. Be6+ Kh8 27. Rg1 Bc8 28. f4
Rg7 29. fxe5 Bxe6 30. dxe6 Qxe6 31. exd6 Qxd6 32. Raf1 Rag8 33. Rf3 h5 34. g4
hxg4 35. Rxg4 Kh7 36. Qc2+ Ng6 37. h5 Qc6 38. hxg6+ Rxg6 39. Rgg3 Qe6 40. Rh3+
Kg7 41. Qc3+ Rf6 42. Rhg3+ Kf7 43. Rxf6+ Qxf6 44. Qxf6+ Kxf6 45. Rxg8 Ke7 46.
Kg2 Kd6 47. Kf3 Kc5 48. Ke4 Kb4 49. Ra8 a5 50. Rc8 Ka3 51. Rxc7 Kxa2 52. Rb7
Kxb3 53. Rxb6+ Kxc4 54. Rc6+ Kb4 55. Kd3 a4 56. Rb6+ Ka3 57. Ra6 Kb3 58. Rb6+
Ka3 59. Kc2 Ka2 60. Ra6 a3 61. Kc1 Kb3 62. Rb6+ Ka2 63. Kc2 Ka1 64. Ra6 a2 65.
Kb3 Kb1 66. Rxa2 Kc1 67. Kc3 Kd1 68. Kd3 Ke1 69. Ke3 Kf1 70. Kf3 Ke1 71. Rh2
Kd1 72. Ke3 Kc1 73. Kd3 Kb1 74. Kc3 Ka1 75. Kb3 1-0

[Event "Junior Online 4NCL Division 4"]
[Site "online"]
[Date "2020.10.15"]
[Round "5.126"]
[White "Warren, Archie"]
[Black "Rahamim, Eitan"]
[Result "1-0"]
[WhiteElo "1450"]
[BlackElo "1187"]
[PlyCount "92"]
[EventDate "2020.10.15"]
[WhiteTeam "Farnham Fantasticos"]
[BlackTeam "May The Fork Be With You 5"]

1. d4 d5 2. Bf4 Nf6 3. e3 Bf5 4. c4 e6 5. Nc3 g6 6. Qb3 c6 7. Qxb7 Nbd7 8. Qxc6
Rc8 9. Qa4 Bg7 10. Nf3 O-O 11. Be2 dxc4 12. Bxc4 Nb6 13. Qa5 Nxc4 14. Qxd8
Rfxd8 15. O-O Nxb2 16. Ne2 Rc2 17. Ng3 Ne4 18. Nxf5 gxf5 19. Rab1 Nd3 20. Ra1
Nxf4 21. exf4 f6 22. a4 e5 23. dxe5 fxe5 24. fxe5 Nd2 25. Nxd2 Rcxd2 26. Rab1
Bxe5 27. Rb5 Rd1 28. Rxe5 R8d2 29. Rxf5 Kg7 30. Rf4 Kg6 31. g3 Kg5 32. Kg2 Rxf1
33. Kxf1 Rd1+ 34. Ke2 Rh1 35. h4+ Kh5 36. Rf7 h6 37. Rxa7 Rh2 38. a5 Kg4 39.
Ra6 h5 40. Rg6+ Kh3 41. Rg5 Kg2 42. a6 Kg1 43. Rf5 Rg2 44. a7 Rxf2+ 45. Rxf2
Kh1 46. Rf5 Kg1 1-0

[Event "Junior Online 4NCL Division 4"]
[Site "online"]
[Date "2020.10.15"]
[Round "5.127"]
[White "Durling, Charlie"]
[Black "Warren, Orla"]
[Result "1-0"]
[WhiteElo "1127"]
[BlackElo "1247"]
[PlyCount "75"]
[EventDate "2020.10.15"]
[WhiteTeam "May The Fork Be With You 5"]
[BlackTeam "Farnham Fantasticos"]

1. d4 Nf6 2. c4 g6 3. Nc3 Bg7 4. Nf3 d6 5. Bg5 O-O 6. e3 Nc6 7. d5 Nb4 8. a3
Na6 9. Nd4 Bf5 10. Bd3 Bxd3 11. Qxd3 Nc5 12. Qc2 Ng4 13. h3 Bxd4 14. exd4 Nf6
15. dxc5 dxc5 16. O-O Re8 17. Rad1 e6 18. dxe6 Qe7 19. exf7+ Kxf7 20. Nd5 Qf8
21. Nxf6 Red8 22. Nxh7 Qg7 23. Bxd8 Rxd8 24. Rxd8 Qxh7 25. Rd7+ Kg8 26. Rxh7
Kxh7 27. Rd1 Kg7 28. Rd7+ Kf6 29. Qc3+ Ke6 30. Rxc7 Kd6 31. Rxb7 Kc6 32. Rxa7
Kb6 33. Qb3+ Kxa7 34. Qb5 g5 35. a4 g4 36. a5 gxh3 37. a6 hxg2 38. Qb7# 1-0

[Event "Junior Online 4NCL Division 4"]
[Site "online"]
[Date "2020.10.15"]
[Round "5.128"]
[White "Cwajna, Harrison"]
[Black "Tager, Maya"]
[Result "0-1"]
[WhiteElo "977"]
[BlackElo "1075"]
[PlyCount "90"]
[EventDate "2020.10.15"]
[WhiteTeam "Farnham Fantasticos"]
[BlackTeam "May The Fork Be With You 5"]

1. d4 d5 2. c4 c6 3. Nc3 e6 4. Nf3 Nf6 5. g3 Be7 6. Bg2 O-O 7. O-O Bd7 8. Ne5
Bc8 9. c5 b6 10. Bg5 bxc5 11. dxc5 Bxc5 12. Be3 d4 13. Bg5 dxc3 14. bxc3 Qxd1
15. Raxd1 Nh5 16. e3 f6 17. Nd3 fxg5 18. Nxc5 Ba6 19. Rfe1 e5 20. Bxc6 Nxc6 21.
Nxa6 Nb8 22. Nc7 Nc6 23. Nxa8 Rxa8 24. g4 Nf6 25. f3 e4 26. Rd6 Ne5 27. fxe4
Nf3+ 28. Kf2 Nxe1 29. Kxe1 Nxe4 30. Rc6 a5 31. a4 g6 32. Rc4 Nd6 33. Rd4 Nb7
34. c4 Nc5 35. Rd5 Nxa4 36. Rxg5 Nb2 37. Kd2 Nxc4+ 38. Kc3 Nxe3 39. Kb3 a4+ 40.
Ka3 Nc4+ 41. Ka2 a3 42. Rc5 Nb2 43. Rc2 Nd3 44. Ka1 Nb4 45. h4 Nxc2+ 0-1

[Event "Junior Online 4NCL Division 4"]
[Site "online"]
[Date "2020.10.15"]
[Round "5.131"]
[White "Sharma, Krish"]
[Black "Karanam, Guha Saran"]
[Result "0-1"]
[WhiteElo "1150"]
[BlackElo "1412"]
[PlyCount "56"]
[EventDate "2020.10.15"]
[WhiteTeam "May The Fork Be With You 6"]
[BlackTeam "Colchester Juniors B"]

1. d4 Nf6 2. Bf4 d5 3. e3 Bf5 4. Be2 e6 5. h4 Bd6 6. Bxd6 Qxd6 7. g4 Be4 8. f3
Qg3+ 9. Kd2 Nc6 10. fxe4 Nxe4+ 11. Kc1 Qxe3+ 12. Nd2 Nxd4 13. Rh3 Nxe2+ 14.
Qxe2 Qxg1+ 15. Qd1 Qg2 16. Rh1 Nxd2 17. b3 Ne4 18. Kb2 O-O-O 19. Rc1 Nf2 20.
Qd4 Nxh1 21. Rg1 Qf2 22. Qxf2 Nxf2 23. Rf1 Nxg4 24. Rxf7 Rhg8 25. Re7 Rde8 26.
Rf7 Ref8 27. Re7 Rf6 28. Ka3 Kd8 0-1

[Event "Junior Online 4NCL Division 4"]
[Site "online"]
[Date "2020.10.15"]
[Round "5.132"]
[White "Granger, Charlotte"]
[Black "Kataria, Dhairya"]
[Result "0-1"]
[WhiteElo "1285"]
[BlackElo "1150"]
[PlyCount "36"]
[EventDate "2020.10.15"]
[WhiteTeam "Colchester Juniors B"]
[BlackTeam "May The Fork Be With You 6"]

1. e4 c6 2. d4 d5 3. Nc3 e5 4. Nf3 Nd7 5. Be3 Bd6 6. Be2 Ngf6 7. Bd3 b6 8. a3
c5 9. dxe5 Nxe5 10. Nxe5 Bxe5 11. Bb5+ Bd7 12. exd5 Bxb5 13. Nxb5 Nxd5 14. c4
Nxe3 15. fxe3 Qg5 16. O-O Qxe3+ 17. Kh1 Qh6 18. Re1 Qxh2# 0-1

[Event "Junior Online 4NCL Division 4"]
[Site "online"]
[Date "2020.10.15"]
[Round "5.133"]
[White "Bengani, Arihant"]
[Black "Salkauskas, Deimantas"]
[Result "0-1"]
[WhiteElo "1075"]
[BlackElo "947"]
[PlyCount "29"]
[EventDate "2020.10.15"]
[WhiteTeam "May The Fork Be With You 6"]
[BlackTeam "Colchester Juniors B"]

1. e4 e5 2. Nf3 Nc6 3. Bc4 Bc5 4. O-O Nf6 5. Nc3 O-O 6. d3 h6 7. Qe2 Qe7 8. Be3
Nd4 9. Nxd4 exd4 10. Bd2 dxc3 11. Bxc3 c6 12. Bd2 d5 13. exd5 Qxe2 14. Ba5 cxd5
15. Bb5 0-1

[Event "Junior Online 4NCL Division 4"]
[Site "online"]
[Date "2020.10.15"]
[Round "5.134"]
[White "Rida, Ruqayyah"]
[Black "Bagchi, Aadi"]
[Result "1-0"]
[WhiteElo "790"]
[BlackElo "1075"]
[PlyCount "66"]
[EventDate "2020.10.15"]
[WhiteTeam "Colchester Juniors B"]
[BlackTeam "May The Fork Be With You 6"]

1. e4 e5 2. Nf3 Nc6 3. Bc4 Bc5 4. O-O Nf6 5. d3 h6 6. Nc3 O-O 7. Be3 Bb6 8. h3
d6 9. d4 exd4 10. Nxd4 Nxd4 11. Bxd4 Bxd4 12. Qxd4 c5 13. Qd2 Re8 14. f3 Be6
15. Nd5 Nxd5 16. Bxd5 Bxd5 17. Qxd5 Rb8 18. Rad1 Re6 19. Rfe1 Re5 20. Qxd6 Qxd6
21. Rxd6 c4 22. Red1 Rc5 23. Kf2 c3 24. b3 Rc6 25. Rxc6 bxc6 26. Rd3 Rb4 27.
Rxc3 Rd4 28. Ke3 Rd6 29. Rd3 Rxd3+ 30. Kxd3 Kf8 31. Kd4 Ke7 32. Kc5 Kd7 33. b4
Kc7 1-0

[Event "Junior Online 4NCL Division 4"]
[Site "online"]
[Date "2020.10.15"]
[Round "5.135"]
[White "Karanam, Guha Saran"]
[Black "Sharma, Krish"]
[Result "0-1"]
[WhiteElo "1412"]
[BlackElo "1150"]
[PlyCount "140"]
[EventDate "2020.10.15"]
[WhiteTeam "Colchester Juniors B"]
[BlackTeam "May The Fork Be With You 6"]

1. e4 c6 2. Bc4 d5 3. exd5 cxd5 4. Bb5+ Nc6 5. Nf3 Bf5 6. Nc3 a6 7. Bxc6+ bxc6
8. d3 e6 9. Bf4 Nf6 10. h3 Be7 11. g4 Bg6 12. Ne5 O-O 13. Nxc6 Qd7 14. Ne5 Qc8
15. h4 h6 16. h5 Bh7 17. g5 hxg5 18. Bxg5 Qc7 19. Qe2 Rab8 20. b3 Qxc3+ 21. Bd2
Qxa1+ 22. Qd1 Qxe5+ 23. Kf1 Bc5 24. Qf3 Qa1+ 25. Kg2 Qe5 26. Bf4 Qf5 27. Rg1
Rb4 28. c4 Nxh5 29. Bd2 Qxf3+ 30. Kxf3 Bxd3 31. Bc3 Rb7 32. Rg5 d4 33. Bd2 Bf5
34. Rxh5 d3 35. Bc3 Bb4 36. Bb2 d2 37. Rh1 Rd8 38. Ke2 Bg4+ 39. f3 Bxf3+ 40.
Kxf3 d1=Q+ 41. Rxd1 Rxd1 42. a3 Be7 43. b4 Rbd7 44. Be5 R7d3+ 45. Ke2 R1d2+ 46.
Ke1 Bh4+ 47. Kf1 Rc3 48. Bxc3 Rc2 49. Bd4 Rxc4 50. Bb6 e5 51. Bc5 e4 52. a4 f5
53. Bd6 e3 54. b5 axb5 55. axb5 Rc2 56. Bb4 e2+ 57. Kg1 Rc1+ 58. Kg2 e1=Q 59.
Bxe1 Rxe1 60. b6 g5 61. b7 Re8 62. Kh3 Rb8 63. Kg2 Rxb7 64. Kh3 Rb3+ 65. Kg2 f4
66. Kh2 f3 67. Kg1 Rb1+ 68. Kh2 f2 69. Kg2 f1=Q+ 70. Kh2 Rb2# 0-1

[Event "Junior Online 4NCL Division 4"]
[Site "online"]
[Date "2020.10.15"]
[Round "5.136"]
[White "Kataria, Dhairya"]
[Black "Granger, Charlotte"]
[Result "1-0"]
[WhiteElo "1150"]
[BlackElo "1285"]
[PlyCount "151"]
[EventDate "2020.10.15"]
[WhiteTeam "May The Fork Be With You 6"]
[BlackTeam "Colchester Juniors B"]

1. e4 e5 2. Nc3 Nf6 3. Nf3 Nc6 4. Bc4 Bc5 5. d3 O-O 6. Bg5 d6 7. Nd5 Nd4 8.
Nxd4 Bxd4 9. c3 Bg4 10. Qxg4 Nxg4 11. Bxd8 Bxf2+ 12. Kf1 Raxd8 13. Ne7+ Kh8 14.
h3 Ne3+ 15. Kxf2 Nxc4 16. dxc4 Rfe8 17. Nd5 c6 18. Ne3 Re6 19. Rad1 Rf6+ 20.
Ke2 h6 21. Rhf1 Kg8 22. Rxf6 gxf6 23. c5 d5 24. exd5 cxd5 25. Nxd5 Kg7 26. c4
Rc8 27. b4 f5 28. Ne7 Re8 29. Nxf5+ Kg6 30. Nh4+ Kg5 31. Nf3+ Kf5 32. Rf1 e4
33. Nd2+ Kg6 34. Ke3 f5 35. g4 fxg4 36. hxg4 Kg5 37. Nxe4+ Kxg4 38. Rg1+ Kf5
39. Kf3 Rxe4 40. Rg7 Rf4+ 41. Ke3 h5 42. Rf7+ Kg5 43. Rxf4 h4 44. Rf1 h3 45.
Rh1 Kg4 46. Kf2 Kh4 47. Ke3 Kg3 48. Rg1+ Kh2 49. Rg7 Kh1 50. Rh7 Kg2 51. Ke4 h2
52. Rxh2+ Kxh2 53. Kd5 Kg2 54. Kd6 Kf3 55. Kc7 b5 56. cxb5 Ke4 57. c6 Kd5 58.
Kb7 Kc4 59. c7 Kxb5 60. c8=Q a6 61. Qa8 Kxb4 62. Qxa6 Kc3 63. Qb6 Kc4 64. a4
Kd5 65. a5 Kc4 66. a6 Kd5 67. a7 Kc4 68. a8=Q Kd5 69. Qad8+ Kc4 70. Qc8+ Kd5
71. Qbd8+ Ke5 72. Qcc7+ Ke6 73. Qce7+ Kf5 74. Qdf8+ Kg6 75. Qeg7+ Kh5 76. Qfh8#
1-0

[Event "Junior Online 4NCL Division 4"]
[Site "online"]
[Date "2020.10.15"]
[Round "5.137"]
[White "Salkauskas, Deimantas"]
[Black "Bengani, Arihant"]
[Result "1-0"]
[WhiteElo "947"]
[BlackElo "1075"]
[PlyCount "109"]
[EventDate "2020.10.15"]
[WhiteTeam "Colchester Juniors B"]
[BlackTeam "May The Fork Be With You 6"]

1. e4 e5 2. Nf3 Nc6 3. Bc4 Bc5 4. c3 Nf6 5. d4 exd4 6. cxd4 Bb4+ 7. Bd2 Bxd2+
8. Nbxd2 O-O 9. O-O Re8 10. e5 Nh5 11. Ne1 d5 12. Bb5 Nf4 13. Qf3 Ne6 14. Nd3
Ncxd4 15. Qe3 Bd7 16. Bxd7 Qxd7 17. Rac1 Rad8 18. Nf3 Nf5 19. Qxa7 b6 20. Qa3
Qe7 21. Qxe7 Rxe7 22. Rfd1 Nfd4 23. Nxd4 Nxd4 24. Kf1 c5 25. a3 Nb3 26. Rc3 Nd4
27. b4 c4 28. a4 Ra8 29. Nb2 Rxe5 30. Rxd4 g6 31. a5 bxa5 32. bxa5 Rxa5 33. g3
Ra1+ 34. Kg2 Ra2 35. Nd1 Kg7 36. Ne3 Ra5 37. Rf4 Ra6 38. Ng4 Rg5 39. h3 f5 40.
Ne5 Re6 41. Nf3 Rh5 42. g4 fxg4 43. hxg4 Rh6 44. g5 Rh5 45. Rh4 Rxh4 46. Nxh4
Re4 47. Kg3 Kf7 48. f3 Rd4 49. Ng2 Ke6 50. Re3+ Kf5 51. Nh4+ Kxg5 52. f4+ Kh5
53. Nf3 Rd3 54. Re2 c3 55. Rh2# 1-0

[Event "Junior Online 4NCL Division 4"]
[Site "online"]
[Date "2020.10.15"]
[Round "5.138"]
[White "Bagchi, Aadi"]
[Black "Rida, Ruqayyah"]
[Result "0-1"]
[WhiteElo "1075"]
[BlackElo "790"]
[PlyCount "78"]
[EventDate "2020.10.15"]
[WhiteTeam "May The Fork Be With You 6"]
[BlackTeam "Colchester Juniors B"]

1. e4 e5 2. Nf3 Nc6 3. Bc4 Bc5 4. O-O Nf6 5. d3 O-O 6. Bg5 h6 7. Bh4 d6 8. h3
Be6 9. Nbd2 Na5 10. Bb3 Nxb3 11. Nxb3 Bb6 12. a4 a6 13. c3 Qe7 14. d4 Bxb3 15.
Qxb3 exd4 16. cxd4 Qxe4 17. Rad1 Qd5 18. Qxd5 Nxd5 19. Rfe1 Rfe8 20. Rxe8+ Rxe8
21. Kf1 Kh7 22. Rb1 Nb4 23. Re1 Rxe1+ 24. Nxe1 Bxd4 25. Nf3 Bxb2 26. Bd8 c5 27.
Bc7 d5 28. Ne5 Bxe5 29. Bxe5 d4 30. Ke2 d3+ 31. Kd2 c4 32. f3 Nc6 33. Bc3 b5
34. axb5 axb5 35. Ke3 b4 36. Be1 b3 37. Kd2 Kg6 38. Kc3 Ne5 39. Bg3 Kf5 0-1

[Event "Junior Online 4NCL Division 4"]
[Site "online"]
[Date "2020.10.15"]
[Round "5.141"]
[White "Tran, Charlie"]
[Black "Dayle, Cosmo"]
[Result "1/2-1/2"]
[WhiteElo "1075"]
[BlackElo "1000"]
[PlyCount "95"]
[EventDate "2020.10.15"]
[WhiteTeam "Maidenhead Juniors 2"]
[BlackTeam "Muswell Hill Knights"]

1. e4 e5 2. Nf3 Nc6 3. Bc4 Nd4 4. Nxd4 exd4 5. c3 dxc3 6. dxc3 Bc5 7. O-O d6 8.
Be3 Bxe3 9. fxe3 Nf6 10. Nd2 O-O 11. b4 a5 12. a3 axb4 13. axb4 Rxa1 14. Qxa1
Bg4 15. h3 Bh5 16. g4 Bg6 17. Bd3 Qe7 18. Rf4 d5 19. g5 Nd7 20. h4 h6 21. gxh6
gxh6 22. Kf2 dxe4 23. Bxe4 Bxe4 24. Rxe4 Qf6+ 25. Rf4 Qe5 26. Nc4 Qd5 27. Na3
Qd2+ 28. Kf3 Qd5+ 29. e4 Qd3+ 30. Kf2 Ne5 31. Qg1+ Kh7 32. Qg3 Qd2+ 33. Kf1
Qd1+ 34. Qe1 Qd3+ 35. Kf2 Ra8 36. Nb1 Ra2+ 37. Kg1 Nf3+ 38. Rxf3 Qxf3 39. Nd2
Qg4+ 40. Kh1 Qh3+ 41. Kg1 Kg6 42. e5 Qxc3 43. Qe4+ Kg7 44. Qg4+ Kf8 45. Qc8+
Kg7 46. Qg4+ Kf8 47. Qc8+ Kg7 48. Qg4+ 1/2-1/2

[Event "Junior Online 4NCL Division 4"]
[Site "online"]
[Date "2020.10.15"]
[Round "5.142"]
[White "Qiu, Calvin"]
[Black "Adhikari, Aanya"]
[Result "1-0"]
[WhiteElo "932"]
[BlackElo "1015"]
[PlyCount "103"]
[EventDate "2020.10.15"]
[WhiteTeam "Muswell Hill Knights"]
[BlackTeam "Maidenhead Juniors 2"]

1. e4 c5 2. Nf3 d6 3. Nc3 Nc6 4. Bb5 Nf6 5. d4 cxd4 6. Nxd4 a6 7. Nxc6 Qc7 8.
Nxe7+ Bd7 9. Ned5 Qd8 10. Bxd7+ Qxd7 11. Nb6 Qc6 12. Nxa8 Nxe4 13. Nxe4 Qxe4+
14. Qe2 Qxe2+ 15. Kxe2 Be7 16. Nc7+ Kd7 17. Nd5 Bf6 18. Nxf6+ gxf6 19. Re1 Re8+
20. Kf1 Rf8 21. Bh6 Rg8 22. Rad1 Rg6 23. Bf4 Rg4 24. Bxd6 Kc6 25. Be7 Rh4 26.
Bxf6 Rxh2 27. Kg1 Rh6 28. Bg7 Rg6 29. Bh8 Rg8 30. Rd2 Rxh8 31. Re7 Rc8 32. Rdd7
f6 33. Rxh7 b5 34. Ra7 Kb6 35. Rhb7+ Ka5 36. Rf7 Rxc2 37. Rxf6 Rxb2 38. Rfxa6+
Kb4 39. g4 Rb1+ 40. Kg2 Rd1 41. g5 Rd8 42. g6 Rg8 43. g7 Kc5 44. Rg6 Kd5 45.
Ra8 Rxa8 46. g8=Q+ Rxg8 47. Rxg8 Kc5 48. f4 Kd5 49. Re8 Kd6 50. f5 Kd7 51. Re1
Kd6 52. f6 1-0

[Event "Junior Online 4NCL Division 4"]
[Site "online"]
[Date "2020.10.15"]
[Round "5.143"]
[White "Anchan, Arjun"]
[Black "Sawyer, Charlie"]
[Result "0-1"]
[WhiteElo "977"]
[BlackElo "925"]
[PlyCount "64"]
[EventDate "2020.10.15"]
[WhiteTeam "Maidenhead Juniors 2"]
[BlackTeam "Muswell Hill Knights"]

1. e4 e5 2. Nf3 Nc6 3. Bc4 h6 4. O-O Nf6 5. Nc3 Bc5 6. a3 Bd6 7. d3 b6 8. d4
Nxd4 9. Nxd4 exd4 10. Qxd4 Bb7 11. Bd5 Nxd5 12. Nxd5 Bxd5 13. Qxd5 c6 14. Qd4
Qe7 15. Qxg7 O-O-O 16. Qd4 Rde8 17. Qc4 Kb8 18. f3 Qe5 19. g3 Qf6 20. Bd2 h5
21. Bc3 Qe7 22. Bxh8 Rxh8 23. Rfd1 h4 24. Qd4 Bc5 25. Qxc5 Qxc5+ 26. Kg2 hxg3
27. hxg3 Qxc2+ 28. Kg1 Qh2+ 29. Kf1 Qxb2 30. Kg1 Rg8 31. Kf1 Rxg3 32. Ke1 Rg1#
0-1

[Event "Junior Online 4NCL Division 4"]
[Site "online"]
[Date "2020.10.15"]
[Round "5.144"]
[White "Gold, Jonah"]
[Black "Kota, Ashwath Kumar"]
[Result "0-1"]
[WhiteElo "900"]
[BlackElo "880"]
[PlyCount "112"]
[EventDate "2020.10.15"]
[WhiteTeam "Muswell Hill Knights"]
[BlackTeam "Maidenhead Juniors 2"]

1. e4 e6 2. Nf3 d5 3. exd5 exd5 4. Bb5+ c6 5. Bd3 Nf6 6. O-O Bd6 7. b3 Be6 8.
Ba3 O-O 9. Bxd6 Qxd6 10. Nc3 d4 11. Ne4 Nxe4 12. Bxe4 Bd5 13. Bxd5 Qxd5 14. c4
dxc3 15. dxc3 Rd8 16. c4 Qxd1 17. Rfxd1 Rxd1+ 18. Rxd1 Na6 19. Ne5 Re8 20. Re1
f6 21. Nf3 Rd8 22. a4 Nc5 23. Rb1 Nxb3 24. h3 Nc5 25. Rb2 Rd1+ 26. Kh2 Ra1 27.
Rd2 Rxa4 28. Rd8+ Kf7 29. Nd2 Ne6 30. Rd7+ Ke8 31. Rxb7 Nc5 32. Rc7 Ra2 33. Nf1
Rxf2 34. Rxc6 Nd7 35. Kg1 Rc2 36. Ne3 Rc3 37. Nd5 Rc1+ 38. Kf2 Ne5 39. Rc8+ Kd7
40. Rc5 Nd3+ 41. Ke2 Nxc5 42. Kd2 Rxc4 43. Ne3 Rd4+ 44. Kc3 Rd3+ 45. Kc4 Rxe3
46. Kxc5 Rb3 47. Kd5 a5 48. Kc4 a4 49. g3 Rb8 50. Kc3 a3 51. Kd4 a2 52. Kc5
a1=Q 53. Kc4 Qa4+ 54. Kc3 Rb3+ 55. Kc2 Qa2+ 56. Kc1 Rb1# 0-1

[Event "Junior Online 4NCL Division 4"]
[Site "online"]
[Date "2020.10.15"]
[Round "5.145"]
[White "Dayle, Cosmo"]
[Black "Tran, Charlie"]
[Result "1/2-1/2"]
[WhiteElo "1000"]
[BlackElo "1075"]
[PlyCount "145"]
[EventDate "2020.10.15"]
[WhiteTeam "Muswell Hill Knights"]
[BlackTeam "Maidenhead Juniors 2"]

1. e4 e5 2. Nf3 Nc6 3. d4 exd4 4. Nxd4 Nxd4 5. Qxd4 c5 6. Qe5+ Qe7 7. Qxe7+
Bxe7 8. Bf4 d6 9. e5 dxe5 10. Bxe5 Nf6 11. Nc3 a6 12. Rd1 O-O 13. Nd5 Nxd5 14.
Rxd5 Be6 15. Rd2 Bxa2 16. Rd3 Bc4 17. Rg3 f6 18. Bxc4+ Kh8 19. Bf4 g5 20. Bd2
Rfe8 21. Re3 Bd6 22. Rxe8+ Rxe8+ 23. Kd1 b5 24. Bd3 c4 25. Bf5 Bc5 26. f3 Bd4
27. b3 cxb3 28. cxb3 Rd8 29. Ke2 Re8+ 30. Kd3 Rd8 31. Ke4 Be5 32. Bb4 Rd4+ 33.
Ke3 Rxb4 34. Rb1 Rd4 35. Bc8 a5 36. Ba6 b4 37. Rc1 Bf4+ 38. Kxd4 Bxc1 39. Kc5
h5 40. Kb5 Bf4 41. h3 g4 42. hxg4 hxg4 43. fxg4 Kg7 44. Kxa5 Kg6 45. Kxb4 Kg5
46. Be2 Bd6+ 47. Kc4 Ba3 48. b4 Bxb4 49. Kxb4 f5 50. gxf5 Kxf5 51. Bb5 Kf4 52.
Bc6 Kg3 53. Kc4 Kg4 54. Kd3 Kg3 55. Ke2 Kg4 56. Kf2 Kf4 57. g3+ Kg4 58. Bd7+
Kg5 59. Kf3 Kg6 60. Kg4 Kf7 61. Kh5 Ke7 62. g4 Kxd7 63. g5 Ke7 64. Kg6 Kf8 65.
Kf6 Kg8 66. g6 Kh8 67. Kg5 Kg8 68. Kh6 Kh8 69. Kg5 Kg7 70. Kf5 Kg8 71. Kf6 Kh8
72. g7+ Kg8 73. Kg6 1/2-1/2

[Event "Junior Online 4NCL Division 4"]
[Site "online"]
[Date "2020.10.15"]
[Round "5.146"]
[White "Adhikari, Aanya"]
[Black "Qiu, Calvin"]
[Result "1-0"]
[WhiteElo "1015"]
[BlackElo "932"]
[PlyCount "51"]
[EventDate "2020.10.15"]
[WhiteTeam "Maidenhead Juniors 2"]
[BlackTeam "Muswell Hill Knights"]

1. e4 e5 2. Nf3 Nc6 3. d4 f6 4. d5 Nce7 5. d6 cxd6 6. Qxd6 Nc6 7. Qd3 Bc5 8.
Be3 Qb6 9. Bxc5 Qxc5 10. Nc3 d6 11. O-O-O Nge7 12. Na4 Qa5 13. b3 Nb4 14. Qxd6
Nxa2+ 15. Kb1 Nc3+ 16. Nxc3 Qxc3 17. Qd8+ Kf7 18. Qxh8 Ng8 19. Qxh7 Bg4 20.
Bc4+ Ke7 21. Qxg7+ Ke8 22. Qxg8+ Ke7 23. Qxa8 Bd7 24. Qxb7 Ke8 25. Qxd7+ Kf8
26. Qf7# 1-0

[Event "Junior Online 4NCL Division 4"]
[Site "online"]
[Date "2020.10.15"]
[Round "5.147"]
[White "Sawyer, Charlie"]
[Black "Anchan, Arjun"]
[Result "1-0"]
[WhiteElo "925"]
[BlackElo "977"]
[PlyCount "31"]
[EventDate "2020.10.15"]
[WhiteTeam "Muswell Hill Knights"]
[BlackTeam "Maidenhead Juniors 2"]

1. e4 b6 2. Nc3 Bb7 3. Nf3 e6 4. d4 Bb4 5. Bd3 Bxc3+ 6. bxc3 d6 7. Bb2 Nf6 8.
Qe2 O-O 9. O-O Nc6 10. d5 exd5 11. exd5 Nxd5 12. c4 Nf4 13. Qe4 Nxd3 14. Qxd3
Nb4 15. Qc3 Nc6 16. Qxg7# 1-0

[Event "Junior Online 4NCL Division 4"]
[Site "online"]
[Date "2020.10.15"]
[Round "5.148"]
[White "Kota, Ashwath Kumar"]
[Black "Gold, Jonah"]
[Result "1-0"]
[WhiteElo "880"]
[BlackElo "900"]
[PlyCount "51"]
[EventDate "2020.10.15"]
[WhiteTeam "Maidenhead Juniors 2"]
[BlackTeam "Muswell Hill Knights"]

1. e4 e5 2. Nf3 Bc5 3. Nxe5 Qf6 4. Nf3 Nh6 5. d4 Bb6 6. Bg5 Qg6 7. Bd3 Ba5+ 8.
c3 f6 9. e5 fxg5 10. Bxg6+ hxg6 11. Nxg5 Ke7 12. b4 Bb6 13. d5 Ng4 14. d6+ cxd6
15. exd6+ Kd8 16. Qxg4 Nc6 17. Nf7+ Ke8 18. Nxh8 Ne5 19. Qe4 Kf8 20. Qxe5 Kg8
21. Qe8+ Kh7 22. Nxg6 Kh6 23. Nf8 Kg5 24. Qf7 Bd8 25. h4+ Kh6 26. Qg6# 1-0

[Event "Junior Online 4NCL Division 4"]
[Site "online"]
[Date "2020.10.15"]
[Round "5.153"]
[White "Chaudhury, Raunak"]
[Black "Ozdenoren, Deniz"]
[Result "0-1"]
[WhiteElo "100"]
[BlackElo "1352"]
[PlyCount "53"]
[EventDate "2020.10.15"]
[WhiteTeam "East Kilbride Elephants"]
[BlackTeam "The Hall 2"]

1. e4 e5 2. Nc3 Nf6 3. Nf3 Nc6 4. Bc4 Bc5 5. d3 d6 6. Bg5 h6 7. Bxf6 Qxf6 8.
Qd2 Bg4 9. O-O-O Bxf3 10. gxf3 Qxf3 11. Rhg1 O-O-O 12. Bxf7 Rhf8 13. Be6+ Kb8
14. Rg3 Qxf2 15. Nb5 Qxh2 16. Rg2 Qf4 17. Rf2 Qxf2 18. d4 Qxd2+ 19. Rxd2 Bb4
20. c3 a6 21. cxb4 axb5 22. a3 Nxd4 23. Bd5 Rf1+ 24. Rd1 Rxd1+ 25. Kxd1 c6 26.
Be6 Nxe6 27. a4 0-1